Copa Sudamericana - Top 4 - Estadísticas

Estadísticas generales
  • Esta prueba ha sido intentada 95 veces
  • La puntuación promedio es 43 de 75
Estadísticas de respuestas
% Correcto
Independiente
98%
Boca Juniors
97%
River Plate
97%
River Plate (U)
97%
Racing Club
95%
Flamengo
89%
Independiente del Valle
89%
Lanús
89%
Colo-Colo
87%
San Lorenzo
87%
Universidad de Chile
85%
Liga de Quito
84%
Sao Paulo
84%
Atlético Nacional
82%
Peñarol
82%
América (M)
80%
Atlético Mineiro
80%
Corinthians
79%
Palmeiras
79%
Defensa y Justicia
77%
El Nacional
77%
Nacional (U)
77%
Cruzeiro
75%
Estudiantes (LP)
74%
Internacional
70%
Atlético Paranaense
69%
Santos
69%
Chapecoense
67%
Millonarios
67%
Fluminense
66%
Tigre
64%
Universidad Catolica
64%
Arsenal
62%
Bolívar
62%
Cienciano
62%
Huracán
62%
Junior
62%
Olimpia
62%
Rosario Central
62%
Botafogo
61%
Cerro Porteño
61%
Emelec
61%
Independiente Santa Fe
61%
Colón
59%
Gremio
59%
Pachuca
59%
Alianza Lima
57%
América de Cali
57%
Vasco da Gama
56%
Talleres (C)
52%
Universitario
52%
Vélez Sarsfield
51%
Fortaleza
49%
Libertad
49%
Chivas de Guadalajara
44%
Argentinos Juniors
43%
Deportivo Cali
41%
Coquimbo Unido
36%
Ponte Preta
36%
Red Bull Bragantino
36%
Gimnasia y Esgrima (LP)
34%
Caracas FC
33%
Goiás
33%
Pumas UNAM
33%
Melgar
21%
Sportivo Luqueño
18%
Toluca
15%
Atlético Goianiense
11%
Sportivo Alagoano
7%
Santos Laguna
5%
Necaxa
2%
Atlético Colegiales
0%
Deportes Concepción
0%
Sampaio Correa
0%
Sao Raimundo
0%
No se encontraron pruebas coincidentes
Distribución de puntuación
Porcentaje de gente con cada puntuación
Porcentaje por número respondido
Historial de tus puntuaciones
No has intentado esta prueba.